| 000 | 00561nam a22001817a 4500 | ||
|---|---|---|---|
| 005 | 20171113155845.0 | ||
| 010 | _aENG-121371 | ||
| 020 |
_c70.00 _a978892046594 |
||
| 035 | _aEN-104903 | ||
| 037 | _bDBAD/PUB | ||
| 082 | _a921 | ||
| 100 | _aPerumal,R. | ||
| 245 |
_aPerriyar: _cby R. Perumal _ba comparative study / |
||
| 260 |
_aChennai _bPeriyar self-Respect Propaganda Institution _c2013 |
||
| 270 |
_aPeriyar thidal No-84/1(50) E.V.K. Sampath Road Vepery _bChennai _e600007 |
||
| 300 |
_a106p. _c23cm(pbk) |
||
| 942 |
_2ddc _cEN _mPER _h921 |
||
| 999 |
_c147376 _d147376 |
||